Mystery Taylor Swift Song #67 - Statistics

General Stats
  • This quiz has been taken 341 times
  • The average score is 41 of 88
Answer Stats
Song % Correct
Taylor Swift
87%
I
86%
a
84%
you
81%
the
79%
love
77%
your
75%
And
74%
in
74%
it
73%
to
72%
on
71%
Is
70%
you're
69%
he
68%
no
68%
who
68%
be
66%
go
64%
it's
64%
not
63%
But
62%
That
62%
don't
61%
with
61%
know
59%
one
59%
like
58%
all
57%
at
57%
was
57%
'cause
55%
Oh
54%
only
50%
see
49%
smile
49%
together
49%
tied
48%
out
46%
up
46%
knows
45%
his
44%
that's
44%
Tied Together With a Smile
44%
back
43%
will
42%
tell
41%
coming
40%
baby
39%
face
39%
looking
38%
undone
38%
wanted
38%
cry
37%
anyone
36%
here
36%
into
36%
mirror
36%
might
35%
Hold
33%
losing
33%
true
33%
doesn't
32%
golden
32%
thinking
31%
away
30%
beauty
29%
letting
29%
rain
29%
water's
29%
around
28%
high
28%
jumping
28%
pretty
28%
change
27%
end
27%
givin'
27%
extra
26%
walk
26%
Seems
25%
guess
24%
leaves
24%
pay
24%
pocket
24%
price
24%
Hoping
23%
penny
23%
Goodbye
16%
No matching quizzes found
Score Distribution
Percent of People with Each Score
Percentile by Number Answered
Your Score History
You have not taken this quiz